Most popular commercial planes still in service - Statistics

General Stats
  • This quiz has been taken 41 times
  • The average score is 8 of 12
Answer Stats
Picture Hint Answer % Correct
Used by Ryanair 737
97%
Only 4 engine jet still in service 747
97%
Has 3 other variants in its family A320
89%
Butter Machine A330
89%
Triple --- 777
86%
Pay attention to the sawtooth engines 787
86%
It's predecessor is out of production 767
83%
It's predecessor is out of production A350
71%
Older plane A220
40%
Not Boeing or Airbus E175
26%
Also not Boeing or Airbus CRJ 200
11%
Russian Il-96
11%
No matching quizzes found
Score Distribution
Percent of People with Each Score
Percentile by Number Answered
Your Score History
You have not taken this quiz